Logo BPK

Biblioteka

Politechniki Koszalińskiej

Reklama i media w Polsce'99 = (Rekord nr 36282)

Szczegóły MARC
000 -ETYKIETA REKORDU
podpole kontrolne o stałej długości 00636nam a2200217 i 4500
001 - NUMER KONTROLNY REKORDU
pole kontrolne bg
020 ## - MIĘDZYNARODOWY ZNORMALIZOWANY NUMER KSIĄŻKI - ISBN
ISBN 8391210812
040 ## - ŹRÓDŁO KATALOGOWANIA
Instytucja, która utworzyła rekord BPK
041 ## - KOD JĘZYKA
Kod języka tekstu pl
Kod języka streszczenia lub abstraktu en
080 ## - UNIWERSALNA KLASYFIKACJA DZIESIĘTNA - UKD
UKD 659(058)
920 ## - Międzynarodowy znormalizowany numer książki – ISBN
ISBN 83-912108-1-2
008 - POLE O STAŁEJ DŁUGOŚCI - DANE KONTROLNE
podpole kontrolne o stałej długości s pl f |000 0 pol
245 00 - TYTUŁ/ODPOWIEDZIALNOŚĆ
Tytuł Reklama i media w Polsce'99 =
Ciąg dalszy tytułu Adversting and media in Poland'98 : reklama /
Pozostałe elementy strefy tytułu i oznaczenia odpowiedzialności [zesp. red. Piotr R. Jankowski et al.].
260 ## - STREFA ADRESU WYDAWNICZEGO
Miejsce wydania Warszawa :
Nazwa wydawcy/dystrybutora Merkuriusz Polski,
Data publikacji, dystrybucji/powstania dokumentu cop.1999.
300 ## - STREFA OPISU FIZYCZNEGO
Objętość 413 s. ;
Rozmiary 29 cm.
650 #9 - HASŁO PRZEDMIOTOWE W FORMIE NAZWY OGÓLNEJ LUB JEDNOSTKOWEJ
Nazwa ogólna lub geograficzna Reklama
Określnik geograficzny Polska
650 #9 - HASŁO PRZEDMIOTOWE W FORMIE NAZWY OGÓLNEJ LUB JEDNOSTKOWEJ
Nazwa ogólna lub geograficzna Środki masowego przekazu
655 ## - TERMIN INDEKSOWY - OKREŚLENIE RODZAJU/FORMY DOKUMENTU
Określenie rodzaju/formy dokumentu Informatory
700 1# - HASŁO DODATKOWE - NAZWA OSOBOWA
Nazwa osobowa JANKOWSKI, Piotr J.
Określenie związku między hasłem a opisywanym materiałem Red.
942 ## - DODATKOWE ELEMENTY (KOHA)
Typ dokumentu Książka
Egzemplarze
Wycofany Status egzemplarza Uszkodzony Dostępność Lokalizacja stała Lokalizacja bieżąca Miejsce przechowywania Sygnatura Kod kreskowy Typ dokumentu
      Tylko na miejscu Biblioteka Politechniki Koszalińskiej Biblioteka Politechniki Koszalińskiej Czytelnia Wydziałowa ul. Kwiatkowskiego 6e 50188 01430899 Książka
© 2023 Biblioteka Politechniki Koszalińskiej :: KOHA